Statystyki dla rozpoznaj państwo po stolicy

Kliknij tutaj aby rozwiązać quiz!

Ogólne statystyki

  • Ten quiz został rozwiązany 75 razy
  • Średni wynik to 7 z 10

Statystyki odpowiedzi

stolicapaństwo% Poprawnych
WarszawaPolska
100%
MadrytHiszpania
98%
PekinChiny
97%
Buenos AiresArgentyna
95%
JerozolimaIzrael
95%
TallinnEstonia
79%
BakuAzerbejdżan
73%
BiszkekKirgistan
47%
DodomaTanzania
23%
NgerulmudPalau
16%

Rozkład punktacji

Percentyl według liczby udzielonych odpowiedzi

Procent ludzi z każdym wynikiem

Twoja historia wyników

Nie rozwiązałeś tego quizu